Most Dangerous People Food for Dogs - Statistics

General Stats
  • This quiz has been taken 1,719 times
  • The average score is 3 of 10
Answer Stats
Rank Food % Correct
1. Chocolate
97%
9. Grapes and raisins
63%
5. Garlic and onions
41%
6. Milk and dairy products
27%
7. Macadamia nuts
23%
8. Caffine
20%
3. Alcohol
18%
10. Avocado
18%
4. Raw meat and fish
17%
2. Xylitol
13%
No matching quizzes found
Score Distribution
Percent of People with Each Score
Percentile by Number Answered
Your Score History
You have not taken this quiz